Capitais dos Estados Norte Americanos - Statistics

Estatísticas Gerais
  • Esse quiz foi jogado 293 vezes
  • A pontuação média é 22 de 50
Respostas no mapa
Respostas codificadas por cores de uma escala verde-vermelha no mapa do quiz de acordo com a % correta abaixo.
 
Estatísticas das Respostas
Resposta % Correto
Austin
68%
Sacramento
66%
Honolulu
65%
Boston
60%
Tallahassee
60%
Atlanta
58%
Denver
57%
Oklahoma city
57%
Albany
56%
Indianápolis
56%
Phoenix
56%
Nashville
54%
Santa fé
54%
Juneau
52%
Salt Lake City
51%
Baton Rouge
49%
Olympia
47%
Salem
47%
Augusta
45%
Bismarck
45%
Springfield
45%
Pierre
44%
Carson City
43%
Columbus
42%
Saint Paul
42%
Boise
41%
Cheyenne
40%
Montpelier
40%
Helena
38%
Lansing
38%
Richmond
38%
Columbia
37%
Des Moines
37%
Lincoln
37%
Little Rock
37%
Raleigh
36%
Montgomery
35%
Trenton
35%
Harrisburgo
34%
Madison
34%
Topeka
34%
Providence
33%
Annapolis
32%
Hatford
31%
Jackson
31%
Frankfort
30%
Dover
26%
Jefferson city
26%
Charleston
25%
Concord
23%
Nenhum quiz correspondente encontrado
Distribuição das Pontuações
Porcentagem de Pessoas com Cada Pontuação
Percentil de Números Respondidos
Sua Pontuação Histórica
Você não jogou esse quiz